| 000 | 00660cab a2200205 4500 | ||
|---|---|---|---|
| 001 | X2995 | ||
| 008 | 090401t1995 xxu||||| |||| 00| 0 eng d | ||
| 035 | _a(Sirsi) u27802 | ||
| 041 | _aeng | ||
| 245 | _aProfessional indemnity insurance | ||
| 260 | _c1995 | ||
| 350 | _a0 | ||
| 490 |
_aCSM (Chartered Surveyor Monthly) _v5(2) October 1995, 8(1) |
||
| 520 | _aExplains the difference between insurance on a `claims made` basis and insurance on a `acts occurring` basis. | ||
| 650 | _aPROFESSIONAL INDEMNITY INSURANCE | ||
| 690 |
_aINSURANCE _96249 |
||
| 690 | _aMANAGEMENT-BUSINESS MANAGEMENT-PROFESSIONAL PRACTICE | ||
| 942 | _n0 | ||
| 948 | _c04/03/1997 | ||
| 999 |
_c18732 _d18732 |
||